000
00287nam a2200133Ia 4500
008
220928s9999 xx 000 0 und d
082
_b
GUL
100
_a
GULECHA, JETHMAL
245
0
_a
DURLABH MANUSHYA BHAVH
300
_a
160
650
_a
General
942
_c
BK
999
_c
208355
_d
208355
041
_a
HINDI